| 000 | 00560nam a2200097Ia 4500 | ||
|---|---|---|---|
| 008 | 170517s9999 xx 000 0 und d | ||
| 245 | _aHollywood and The Pentagon: A Dangerous Liaison | ||
| 300 | _aThe American Army's intrusion in Hollywood war films may surprise some. In fact, the U.S. Army secret services have had close ties with American filmmakers for several decades. The movie Top Gun, for instance, was filmed with the support and approval of the U.S. Army.... | ||
| 650 | _xMedia. | ||
| 856 | _uhttp://topdocumentaryfilms.com/hollywood-and-the-pentagon/ | ||
| 999 |
_c333532 _d333532 |
||